|
|
|
|
| LEADER |
00000naa2a2200000 4500 |
| 001 |
383736 |
| 005 |
20231101063149.0 |
| 035 |
|
|
|a (RuTPU)RU\TPU\prd\9622
|
| 090 |
|
|
|a 383736
|
| 100 |
|
|
|a 20030108a2002 k y0rusy50 ca
|
| 101 |
0 |
|
|a rus
|
| 102 |
|
|
|a RU
|
| 200 |
1 |
|
|a Синтез адаптивной системы управления на базе нечёткого регулятора для многомерного динамического объекта
|f М. Б. Коломейцева, Д. Л. Хо
|
| 225 |
1 |
|
|a Приборы и средства автоматизации
|
| 320 |
|
|
|a Библиогр.: 5 назв.
|
| 461 |
|
1 |
|0 (RuTPU)RU\TPU\prd\1687
|t Приборы и системы. Управление, контроль, диагностика
|o научно-технический и производственный журнал
|d 2000-
|
| 463 |
|
1 |
|0 (RuTPU)RU\TPU\prd\3320
|t № 3
|v С. 34-37
|d 2002
|
| 610 |
1 |
|
|a адаптивные системы управления
|
| 610 |
1 |
|
|a нечёткие регуляторы
|
| 610 |
1 |
|
|a многомерные динамические объекты
|
| 610 |
1 |
|
|a аналитический закон адаптации
|
| 700 |
|
1 |
|a Коломейцева
|b М. Б.
|
| 701 |
|
1 |
|a Хо
|b Д. Л.
|
| 801 |
|
1 |
|a RU
|b 63413507
|c 20030108
|g PSBO
|
| 801 |
|
2 |
|a RU
|b 63413507
|c 20121008
|g RCR
|
| 942 |
|
|
|c BK
|